000 00251nam a2200097Ia 4500
001 682834
005 20250826161426.0
008 250824s9999 xx 000 0 und d
245 0 _aDALLAR MEYVEYE DURDU
_cAHMED GÜNBAY YILDIZ
260 _bTİMAŞ YAYINLARI
999 _c682834
_d682834